[Event "Ostrava Konik op"]
[Site "Ostrava"]
[Date "2014.05.02"]
[Round "7"]
[White "Stefanik, Petr"]
[Black "Kosar, Attila"]
[Result "0-1"]
[WhiteElo "1456"]
[BlackElo "1831"]
[PlyCount "72"]
[EventDate "2014.04.26"]
[EventType "swiss"]
[EventRounds "9"]
[EventCountry "CZE"]
[SourceTitle "CBM 160 Extra"]
[Source "ChessBase"]
[SourceDate "2014.07.01"]
[SourceVersion "1"]
[SourceVersionDate "2014.07.01"]
[SourceQuality "1"]

1. e4 d5 2. exd5 Nf6 3. c4 c6 4. Nc3 cxd5 5. cxd5 Nxd5 6. Qb3 Nxc3 7. Bc4 e6 8. dxc3 Be7 9. Be3 0-0 10. Rd1 Qc7 11. Nf3 Nc6 12. Bd3 Bf6 13. Bg5 Bxg5 14. Bxh7+ Kxh7 15. Nxg5+ Kg8 16. 0-0 Qf4 17. Nf3 Kh8 18. Qb5 Qf5 19. Qc4 f6 20. Nh4 Qh7 21. Qc5 Kg8 22. Nf3 Qf5 23. Qc4 Ne5 24. Nxe5 Qxe5 25. Rfe1 Qf5 26. Rd3 a5 27. Rh3 b5 28. Qh4 e5 29. Rf3 Qg4 30. Re4 Qxh4 31. Rxh4 Be6 32. a3 Kf7 33. Rh7 Rh8 34. Rxh8 Rxh8 35. Rd3 Ke7 36. b4 a4 0-1